MAASAI MARA UNIVERSITY

LIBRARY CATALOGUE

Contact Us: +254 020 2685356/7 or 0774 057787

Box: 861-20500, NAROK, KENYA

Email: info@mmarau.ac.ke

_Business statistics a decision-making approach[7th ed.] David Groebner F (Record no. 7583)

MARC details
000 -LEADER
fixed length control field 00484nam a2200157Ia 4500
008 - FIXED-LENGTH DATA ELEMENTS--GENERAL INFORMATION
fixed length control field 151021s9999 xx 000 0 und d
020 ## - INTERNATIONAL STANDARD BOOK NUMBER
International Standard Book Number 9.7801322397e+012
050 ## - LIBRARY OF CONGRESS CALL NUMBER
Classification number HF 1017 .G73 2008
245 ## - TITLE STATEMENT
Title _Business statistics a decision-making approach[7th ed.] David Groebner F
260 ## - PUBLICATION, DISTRIBUTION, ETC. (IMPRINT)
Place of publication, distribution, etc. USA Pearson prentice Hall 2008
300 ## - PHYSICAL DESCRIPTION
Extent xxx,1040p;ill
500 ## - GENERAL NOTE
General note Index
650 ## - SUBJECT ADDED ENTRY--TOPICAL TERM
Topical term or geographic name as entry element _Business statistics
700 ## - ADDED ENTRY--PERSONAL NAME
Personal name _Patrick Shannon W
980 ## - EQUIVALENCE OR CROSS-REFERENCE-SERIES STATEMENT--PERSONAL NAME/TITLE [LOCAL, CANADA]
Personal name ^d20130531 11:26:48^oanne

No items available.

© 2016 Maasai Mara University.